Calculus : (Record no. 1568)

MARC details
000 -LEADER
fixed length control field 00930nac a22003011i 4500
003 - CONTROL NUMBER IDENTIFIER
control field EG-ScBUE
005 - DATE AND TIME OF LATEST TRANSACTION
control field 20240926104107.0
008 - FIXED-LENGTH DATA ELEMENTS--GENERAL INFORMATION
fixed length control field 141103t2006 -cn f 000 0 eng d
020 ## - INTERNATIONAL STANDARD BOOK NUMBER
International Standard Book Number 0321307135
020 ## - INTERNATIONAL STANDARD BOOK NUMBER
International Standard Book Number 9780321307132
040 ## - CATALOGING SOURCE
Original cataloging agency EG-ScBUE
Language of cataloging eng
Description conventions rda
Transcribing agency EG-ScBUE
Modifying agency EG-ScBUE
082 04 - DEWEY DECIMAL CLASSIFICATION NUMBER
Classification number 515
Item number ADA
Edition number 22
100 1# - MAIN ENTRY--PERSONAL NAME
Personal name Adams, Robert A.,
Relator term author.
9 (RLIN) 33441
245 10 - TITLE STATEMENT
Title Calculus :
Remainder of title a complete course /
Statement of responsibility, etc Robert A. Adams, University of British Columbia.
250 ## - EDITION STATEMENT
Edition statement Sixth edition.
264 #1 - PUBLICATION, DISTRIBUTION, ETC. (IMPRINT)
Place of publication, distribution, etc Toronto :
Name of publisher, distributor, etc Pearson Addison Wesley,
Date of publication, distribution, etc [2006]
264 #4 - PUBLICATION, DISTRIBUTION, ETC. (IMPRINT)
Date of publication, distribution, etc c2006
300 ## - PHYSICAL DESCRIPTION
Extent 342 pages :
Dimensions 28 cm.
336 ## - CONTENT TYPE
Source rdacontent
Content type term text
Content type code txt
337 ## - MEDIA TYPE
Media type term unmediated
Source rdamedia
Media type code n
338 ## - CARRIER TYPE
Carrier type term volume
Carrier type code nc
Source rdacarrier
490 0# - SERIES STATEMENT
Series statement Student solutions manual
500 ## - GENERAL NOTE
General note Includes appendix.
650 #7 - SUBJECT ADDED ENTRY--TOPICAL TERM
Topical term or geographic name as entry element Calculus.
Source of heading or term BUEsh
650 #7 - SUBJECT ADDED ENTRY--TOPICAL TERM
Topical term or geographic name as entry element Calculus
General subdivision Textbooks.
Source of heading or term BUEsh
655 ## - INDEX TERM--GENRE/FORM
Form subdivision Reading book
942 ## - ADDED ENTRY ELEMENTS (KOHA)
Koha item type NB - Book (Non borrowing)
Source of classification or shelving scheme Dewey Decimal Classification
Holdings
Withdrawn status Lost status Source of classification or shelving scheme Damaged status Not for loan Collection code Home library Current library Shelving location Date acquired Source of acquisition Total Checkouts Full call number Barcode Date last seen Date checked out Price effective from Koha item type Total Renewals
    Dewey Decimal Classification     Baccah Central Library Central Library First floor 06/11/2006 Purchase 1 515 ADA 000002787 15/07/2025 20/11/2008 06/11/2006 NB - Book (Non borrowing)  
    Dewey Decimal Classification     Baccah Central Library Central Library First floor 06/11/2006 Purchase 5 515 ADA 000002785 15/07/2025 01/11/2023 06/11/2006 Book - Borrowing 17
    Dewey Decimal Classification     Baccah Central Library Central Library First floor 06/11/2006 Purchase 6 515 ADA 000002784 15/07/2025 18/09/2019 06/11/2006 Book - Borrowing 28